Dobrodružný svět Zdeňka Buriana : ilustrační tvorba z let 1927-1942 pro nakladatelství J.R. Vilímek a další /

Main Author: Burian, Zdeněk, 1905-1981
Other Authors: Müller, Ondřej, 1966-, Walica, Rostislav, 1977-, Neff, Ondřej, 1945-
Language: Czech
Published: Praha : Plus, 2016
Edition: 1. vydání
Subjects:
Physical Description: 415 stran : ilustrace (převážně barevné), portréty, faksimile ; 34 cm
Book
Saved in:
LEADER 02799nam a2200697 i 4500
001 nkc20162830888
003 CZ PrNK
005 20181120143056.0
007 ta
008 161004s2016 xr ach e 001 0dcze
015 |a cnb002830888 
020 |a 978-80-259-0561-6  |q (vázáno) 
035 |a (OCoLC)962340762 
040 |a ABA001  |b cze  |e rda 
043 |a e-xr--- 
045 |a x2x4 
072 7 |a 75  |x Malířství  |2 Konspekt  |9 21 
080 |a 75(437.3)  |2 MRF 
080 |a 741/744(437.3)  |2 MRF 
080 |a 74/76.05  |2 MRF 
080 |a 82-311.3  |2 MRF 
080 |a 7.04  |2 MRF 
080 |a (437.3)  |2 MRF 
080 |a (084.11)  |2 MRF 
100 1 |a Burian, Zdeněk,  |d 1905-1981  |7 jk01020396  |4 art 
245 1 0 |a Dobrodružný svět Zdeňka Buriana :  |b ilustrační tvorba z let 1927-1942 pro nakladatelství J.R. Vilímek a další /  |c sestavili Ondřej Müller a Rostislav Walica ; slovo úvodem Ondřej Neff 
250 |a 1. vydání 
264 1 |a Praha :  |b Plus,  |c 2016 
300 |a 415 stran :  |b ilustrace (převážně barevné), portréty, faksimile ;  |c 34 cm 
336 |a text  |b txt  |2 rdacontent 
336 |a statický obraz  |b sti  |2 rdacontent 
337 |a bez média  |b n  |2 rdamedia 
338 |a svazek  |b nc  |2 rdacarrier 
504 |a Obsahuje bibliografii, bibliografické odkazy a rejstřík 
600 1 7 |a Burian, Zdeněk,  |d 1905-1981  |7 jk01020396  |2 czenas 
648 7 |a 20. století  |7 ch460558  |2 czenas 
648 4 |a 1927-1942 
650 0 7 |a české malířství  |7 ph116864  |y 20. století  |2 czenas 
650 0 7 |a česká kresba  |7 ph116857  |y 20. století  |2 czenas 
650 0 7 |a knižní ilustrace  |7 ph114931  |z Česko  |y 20. století  |2 czenas 
650 0 7 |a časopisecké ilustrace  |7 ph116843  |z Česko  |y 20. století  |2 czenas 
650 0 7 |a dobrodružná literatura  |7 ph503071  |2 czenas 
650 0 7 |a umělecké náměty  |7 ph138227  |2 czenas 
650 0 9 |a Czech painting  |y 20th century  |2 eczenas 
650 0 9 |a Czech drawing  |y 20th century  |2 eczenas 
650 0 9 |a illustration of books  |z Czechia  |y 20th century  |2 eczenas 
650 0 9 |a periodical illustrations  |z Czechia  |y 20th century  |2 eczenas 
650 0 9 |a adventure literature  |2 eczenas 
650 0 9 |a artistic themes  |2 eczenas 
655 7 |a obrazové publikace  |7 fd132947  |2 czenas 
655 9 |a pictorial works  |2 eczenas 
700 1 |a Müller, Ondřej,  |d 1966-  |7 jn20001005426  |4 com 
700 1 |a Walica, Rostislav,  |d 1977-  |7 jo20181015539  |4 com 
700 1 |a Neff, Ondřej,  |d 1945-  |7 jk01082907  |4 wfw 
910 2 |a BOA001  |b 4-1373.934 
928 9 |a Albatros Media - Plus 
990 |a BK 
995 |a 01 
991 |b 201610  |c NOV 
996 6 |b 2610683675  |c 4-1373.934  |l MZK  |r Sklad / do 1 hodiny  |n 5  |p p.v.  |w 001580319  |u 000010  |a 1  |e BOA001  |j MZK50  |s P 
996 6 |b 2610686158  |c 4-1373.934  |l MZK  |r HSS 4p  |n 0  |p kup  |h 75/76 BUR  |w 001580319  |u 000020  |a 0  |e BOA001  |j MZK50  |s P